Estructura punitiva de la ley Penal Tributaria después de la sanción de la ley 27.430 (Registro nro. 34810)

Detalles MARC
000 -LEADER
fixed length control field 00393 a2200121 4500
001 - CONTROL NUMBER
control field ART_45196
005 - DATE AND TIME OF LATEST TRANSACTION
control field 20260410162040.0
008 - FIXED-LENGTH DATA ELEMENTS--GENERAL INFORMATION
fixed length control field 260409a
100 1# - MAIN ENTRY--PERSONAL NAME
Personal name Ferraro, Ricardo H.
245 10 - TITLE STATEMENT
Title Estructura punitiva de la ley Penal Tributaria después de la sanción de la ley 27.430
700 1# - ADDED ENTRY--PERSONAL NAME
Personal name Santacruz, Lidia M.
773 0# - HOST ITEM ENTRY
Title Impuestos
Related parts - Nº 20 (ene. 2018)
Record control number REV45175

No hay ítems disponibles.